• 首页
  • 本馆介绍
  • 公告通知
  • 最新文献
  • 馆藏检索
  • 电子资源
  • 读者导购
  • 参考咨询
  • 我的图书馆
  • 登录
  • 详细信息显示
  • 放入我的书架
  • 预约/预借图书
  • 作者相关作品
  • 分类相关作品
  • 丛书相关作品
  • 出版社相关作品

书目信息

  • 表格格式
  • 工作单格式
  • 卡片格式
题名:
基因免疫的原理和方法
    
 
作者: 姜勋平 主编
分册:  
出版信息: 北京   科学出版社  2004
页数: 11,225页
开本: 26cm
丛书名: 现代生物技术前沿
单 册:
中图分类: Q939.91 , R979.9
科图分类:
主题词: 基因--疫苗--研究 , 疫苗 , 基因
电子资源:
ISBN: 7-03-012588-6
000 00983nam0 2200301 450
000 00990nam0 2200301 450
000 00920nam0 2200277 450
000 00884nam0 2200265 45
005 20070529081910.18
010    @a7-03-012588-6@dCNY38.00
100    @a20070419d2004 em y0chiy0120 ea
101 0  @achi
102    @aCN@b110000
105    @ay z 000yy
200 1  @a基因免疫的原理和方法@AJi Yin Mian Yi De Yuan Li He Fang Fa@f姜勋平主编@FJiang Xun Ping Zhu Bian
210    @a北京@c科学出版社@d2004
215    @a11,225页@d26cm
225 2  @a现代生物技术前沿
330    @a本书系统介绍了基因免疫的基本原理、研究方法和应用现状,主要内容有:基因疫苗工作原理、基因疫苗的构建、基因疫苗免疫方法等。
410  0 @12001 @a现代生物技术前沿
606 0  @a基因@x疫苗@x研究
606 0  @a疫苗
606 0  @a基因
690    @aQ939.91@v4
690    @aR979.9@v4
701  0 @a姜勋平@AJiang Xun Ping@c(生物技术)@4主编
801  0 @aCN@bTAOJIN@c20070529
905    @a10447@dQ939.91@e51
    
    基因免疫的原理和方法/姜勋平主编.-北京:科学出版社,2004
    11,225页;26cm.-(现代生物技术前沿)
    
    
    ISBN 7-03-012588-6:CNY38.00
    本书系统介绍了基因免疫的基本原理、研究方法和应用现状,主要内容有:基因疫苗工作原理、基因疫苗的构建、基因疫苗免疫方法等。
●
相关链接 在E读中查询图书 在五车中查询图书 在当当中查询图书 在豆瓣中查询图书


正题名:基因免疫的原理和方法     索取号:Q939.91/51         预约/预借

序号 登录号 条形码 馆藏地/架位号 状态 备注
1 0523488   205234888   第二样本阅览室/ [索取号:Q939.91/51] 在馆    
2 0523489   205234897   第三借阅区/ [索取号:Q939.91/51] 在馆    
3 0523490   205234904   第三借阅区/ [索取号:Q939.91/51] 在馆    
4 0523491   205234913   第三借阅区/ [索取号:Q939.91/51] 在馆    
5 0523492   205234922   第三借阅区/ [索取号:Q939.91/51] 在馆    
6 0523493   205234931   第三借阅区/ [索取号:Q939.91/51] 在馆    
7 0523494   205234940   第三借阅区/ [索取号:Q939.91/51] 在馆    
8 0523495   205234959   第三借阅区/ [索取号:Q939.91/51] 在馆    
唐山师范学院图书馆 欢迎您!
大连网信软件有限公司© 版权所有